[Event "Leiden SB-ch"]
[Site "Leiden"]
[Date "2007.06.12"]
[Round "5"]
[White "Zwaan, Gert Jan"]
[Black "Loomans, Nico"]
[Result "1-0"]
[WhiteElo "1511"]
[BlackElo "1507"]
[PlyCount "106"]
[EventDate "2007.05.15"]
[EventType "swiss"]
[EventRounds "7"]
[EventCountry "NED"]
[SourceTitle "EXT 2012"]
[Source "ChessBase"]
[SourceDate "2011.11.24"]
[SourceVersion "1"]
[SourceVersionDate "2011.11.24"]
[SourceQuality "1"]

1. e4 c5 2. Nf3 Nc6 3. d4 cxd4 4. Nxd4 e5 5. Nf3 Nf6 6. Bg5 Be7 7. Nc3 Qb6 8. Bxf6 Bxf6 9. Nd5 Qa5+ 10. c3 Qd8 11. b4 0-0 12. Bc4 d6 13. h3 Be6 14. Qd2 Be7 15. Rd1 a6 16. Nxe7+ Qxe7 17. Bxe6 Qxe6 18. Qxd6 Qc4 19. Qd3 Qxa2 20. 0-0 Rad8 21. Qe3 Qb3 22. Rb1 Qc4 23. Rfe1 Rd3 24. Qc1 Rxc3 25. Qb2 Rd8 26. b5 axb5 27. Qxb5 Qxb5 28. Rxb5 Rb8 29. Nxe5 Nxe5 30. Rxe5 b5 31. Rb1 f6 32. Rexb5 Rbc8 33. Rb8 Kf7 34. Rxc8 Rxc8 35. f3 Rc7 36. Kf2 g5 37. Re1 Ke6 38. Kg3 h5 39. h4 Rc2 40. hxg5 fxg5 41. Ra1 h4+ 42. Kh3 Ke5 43. Ra5+ Kf4 44. Rf5+ Ke3 45. Rxg5 Rc1 46. Kxh4 Rh1+ 47. Kg3 Rh8 48. e5 Re8 49. f4 Ke4 50. Kg4 Rb8 51. g3 Rh8 52. e6 Rh7 53. Re5+ Kd4 1-0